| 000 | 00462nam 22001693 4500 | ||
|---|---|---|---|
| 001 | 202440 | ||
| 090 | _a202440 | ||
| 100 | _a20260605d u||y0pory50 ba | ||
| 200 |
_aOs sobrevientes (CD áudio) _fSérgio Godinho |
||
| 210 |
_aLisboa _cPhilips, Polygram Discos _d1990 |
||
| 215 | _c1 disco áudio | ||
| 606 |
_91103 _aMúsica |
||
| 610 | _amusica portuguesa | ||
| 675 |
_a78 _vPT _zpor |
||
| 700 |
_93194 _aGodinho _bSérgio _f1945- |
||
| 801 |
_aPT _bBMMN _gRPC |
||
| 990 | _cCD MUSICA | ||